000 004470000a22001690004500
041 0 _aSPA
082 0 4 _aG 282 P9449p
100 1 _aPérez Ramírez, Gustavo
245 1 0 _aEl problema sacerdotal en Colombia / Gustavo Pérez Ramírez
260 _aBogotá, Colombia : FERES
300 _a176 Pag
001 8672
942 _cBK
999 _c38805
_d38805
336 _atexto
_btxt
_2rdacontent
337 _2rdamedia
_asin mediación
_bn
338 _2rdacarrier
_avolumen
_bnc